[Event "YUG-ch53"]
[Site "Belgrade "]
[Date "1998.03.27"]
[Round "13"]
[White "Damljanovic, Branko"]
[Black "Drasko, Milan"]
[Result "1/2-1/2"]
[WhiteElo "2540"]
[BlackElo "2515"]
[Annotator "Ribli,Z"]
[PlyCount "84"]
[EventDate "1998.03.14"]
[EventType "tourn"]
[EventRounds "15"]
[EventCountry "YUG"]
[EventCategory "10"]
[SourceTitle "CBM 064"]
[Source "ChessBase"]
[SourceDate "1998.06.02"]
[SourceVersion "1"]
[SourceVersionDate "1998.06.02"]
[SourceQuality "1"]

1. c4 e5 2. g3 Nc6 3. Bg2 g6 4. Nc3 Bg7 5. e3 {Mit diesem Zug folgt Weiß dem
sogenannten Phillidor-Prinzip, plaziert die Figuren hinter den Bauern. Ribli.}
d6 (5... f5 6. Nge2 Nf6 7. O-O O-O 8. d4 exd4 9. Nxd4 Nxd4 10. exd4 d6 11. Bg5
h6 12. Be3 g5 13. f4 g4 14. Bf2 h5 15. Qd3 Rb8 16. Rfe1 Bh6 17. Re3 h4 18. Rae1
hxg3 19. hxg3 Bd7 20. Nd5 Nxd5 21. Bxd5+ Kh8 22. Kg2 $16 {1-0 Gerland,
F-Martens,S/Lingen-chJM U13 1996 (28)}) 6. d3 f5 7. Nge2 {Die weiße
Springerstellung auf e2 ist sehr flexibel.} Nf6 8. Rb1 a5 {Schwarz verhindert
den Zug 9.b4 und nach 9.a3 nebst 10.b4 bekommt er durch ...axb4 zumindest die
offene a-Linie.} 9. b3 (9. a3 O-O 10. b4 axb4 11. axb4 Ne7 12. O-O $11) 9...
O-O 10. O-O (10. Bb2 Be6 $5 (10... Nh5 11. Bf3 Be6 12. O-O Bf7 13. Bg2 Re8 14.
Qd2 Nf6 15. e4 $5 f4 16. gxf4 Bh6 17. Qd1 exf4 18. Nd5 Nxd5 19. cxd5 Ne5 20. f3
$14 {Gurevich,M-Ehlvest,J/Reggio Emilia 1991}) 11. Nd5 Bf7 $5 12. Nec3 Nxd5 13.
Nxd5 Nb8 $1 14. Nc3 c6 $11 {1/2-1/2 Gurevich,M-Nikolic,P/Lost Boys op 1997 (24)
}) 10... Be6 $11 {Schwarz hat keinerlei Entwicklungsprobleme und bereitet den
Zug 11...d5 vor. Es sei angemerkt, daß wir (mit vertauschten Farben) eine
geschlossene sizilianische Stellung auf dem Brett haben.} (10... g5 11. d4 $5
e4 12. f3 exf3 13. Bxf3 Bd7 14. Qd2 Qe7 15. Nd5 Nxd5 16. cxd5 Nd8 17. Nc3 {
1-0 Ehlvest,J-Browne,W/Philadelphia World op 1991/TD 91\09 (26)}) (10... Ne7
11. Qd2 c6 12. f4 Bh6 13. Bb2 g5 14. d4 gxf4 15. exf4 e4 16. d5 c5 17. Nd1 $14
{1/2-1/2 Aumann,W-Janz,F/GER-chJM U17 1996/EXT 96ch2 (29)}) 11. d4 $146 (11.
Nd5 Bf7 (11... Qd7 12. Bb2 Rae8 13. Qd2 Bxd5 14. cxd5 Nb4 15. a3 Nbxd5 16. Qxa5
c6 17. Rbd1 Nc7 18. Qd2 Qf7 19. b4 g5 $132 {0-1 Franco,Z-Granda Zuniga,J/
ESP-chT 1991/EXT 91ch (30)}) (11... Bxd5 12. cxd5 Nb4 13. Nc3 $14 {[%csl Rb4]})
12. Qd2 Nxd5 13. cxd5 Ne7 14. e4 c6 15. dxc6 Nxc6 16. exf5 gxf5 17. f4 Be6 18.
Kh1 Qb6 19. Nc3 Rac8 20. Bb2 Rfe8 21. Rbe1 Nd4 22. Rc1 Qa7 23. Nd5 b5 24. fxe5
Bxe5 25. Nf4 $14 {1-0 Spraggett,K-Mellado,J/Terres Catalanes 15th 1997 (37)}) (
11. Bb2 d5 12. cxd5 Nxd5 $11 {Weiß muß etwas gegen die schwarze Drohung 11...
d5 unternehmen.}) 11... Bf7 {Mit diesem prophylaktischen Zug vermeidet Schwarz
das Gabelmotiv 12.d5.} (11... exd4 12. exd4 d5 $2 13. Nf4 $16 {[%cal Rf4e6,
Rf4d5]}) 12. dxe5 {Weiß plant weitere Vereinfachungen. Er hat keinen Vorteil.}
(12. d5 $5 Ne7 13. e4 $14 fxe4 14. Nxe4 Nxe4 15. Bxe4 c6 16. Nc3 {[%csl Rg7]})
(12. Bb2 e4 $13 (12... exd4 13. Nxd4 $14 {[%cal Gg2a8]} (13. exd4 d5 $11)))
12... dxe5 13. Ba3 Re8 14. Bxc6 {Weiß gibt das Läuferpaar auf und schwächt so
die weißen Felder im eigenen Lager.} bxc6 15. Qxd8 Raxd8 16. Rbd1 {Weiß
besitzt zwar die viel bessere Bauernstruktur, aber die schwarzen Bauern am
Damenflügel sind nicht leicht anzugreifen.} g5 $5 {[%cal Gf7g6,Gg6b1,Gg6h5,
Gh5d1] Schwarz gewinnt Raum am Königsflügel und verbessert gleichzeitig seine
Läuferstellung.} 17. h3 {Weiß verhindert den später möglichen Springerzug ...
Ng4.} (17. Rxd8 Rxd8 18. Rd1 Rxd1+ 19. Nxd1 Bh5 {[%csl Ye4,Yf3,Yg4,Yh3][%cal
Rh5d1]} 20. Kf1 Ng4 $15) 17... g4 (17... Bh5 $5 {[%cal Gh5d1]}) 18. h4 Nh5 $5 {
Schwarz möchte die Stellung mit ...f4 für sein Läuferpaar öffnen.} 19. Rxd8
Rxd8 20. Rd1 Rxd1+ 21. Nxd1 a4 $1 {Schwarz befreit sich von einer seiner
Bauernschwächen.} 22. Kf1 (22. bxa4 Bxc4 {[%csl Gc4][%cal Rc4a2,Rc4e2]} 23.
Ndc3 Nf6 $15 (23... f4 $5)) 22... axb3 23. axb3 Bg6 {[%cal Gg6c2,Gc2b3,Gb3d1]}
24. Be7 f4 25. exf4 exf4 26. Nxf4 (26. gxf4 Bc2 27. Ne3 Bxb3 28. Nxg4 Bxc4 $15
{Dank des Läuferpaars steht Schwarz etwas besser, aber das reduzierte Material
macht die Punkteteilung sehr wahrscheinlich.}) 26... Nxf4 27. gxf4 Bd4 {
[%csl Rd1,Gd4,Gg6] Weiß besitzt einen (schwachen) Mehrbauern und as schwarze
Läuferpaar hat die Stellung des weißen Springers bereits eingeengt. Nach
späterem Tausch entsteht ein Endspiel mit ungleichfarbigen Läufern, das Remis
enden sollte.} (27... Bc2 28. Ne3 Bxb3 $11) 28. Ne3 g3 $5 (28... Bxe3 29. fxe3
Bc2 30. b4 Bd3+ 31. Kf2 Bxc4 32. Bd8 $14 {Die Remiswahrscheinlichkeit ist
trotz der verbundenen e- und f-Freibauern noch groß.}) 29. f5 Bh5 30. Bd8 gxf2
31. Kxf2 Bd1 {[%csl Gd1,Gd4][%cal Gd4f2]} 32. b4 (32. Bxc7 Bxb3 $11 {[%csl Rc4]
}) 32... Bc2 33. Kf3 (33. f6 Kf7 $11 (33... Bb3 34. c5 Kf7 $11)) 33... Bxe3 34.
Kxe3 Bxf5 35. Bxc7 Kf7 {Der weiße Mehrbauer ist praktisch ohne Bedeutung. Die
ungleichfarbigen Läufer sichern Schwarz das Remis.} 36. Kd4 Ke6 37. Kc5 Kd7 {
Schwarz baut eine weißfeldrige Blockadestellung auf und Weiß kann nicht
vorankommen.} 38. Bf4 Be4 39. Kb6 Bd3 40. Kc5 h5 41. b5 {Der von Weiß
gebildete Freibauer ist nur von symbolischer Bedeutung.} cxb5 42. cxb5 Kc8 {
Und in dieser Stellung wurde remis gegeben. Ribli.} 1/2-1/2

[Event "Hoogovens op"]
[Site "Wijk aan Zee"]
[Date "1993.01.??"]
[Round "9"]
[White "Winants, Luc"]
[Black "Rotstein, Arkadij"]
[Result "1-0"]
[WhiteElo "2520"]
[BlackElo "2465"]
[Annotator "Ribli,Z"]
[PlyCount "69"]
[EventDate "1993.01.??"]
[EventType "swiss"]
[EventRounds "12"]
[EventCountry "NED"]
[SourceTitle "CBM 034"]
[Source "ChessBase"]
[SourceDate "1993.06.01"]
[SourceVersion "1"]
[SourceVersionDate "1993.06.01"]
[SourceQuality "1"]

1. c4 e5 2. Nc3 Nc6 3. g3 g6 4. Bg2 Bg7 5. Rb1 f5 6. d3 a5 7. e3 Nf6 8. Nge2
O-O 9. b3 (9. O-O $5 Ne7 10. Qa4 d5 11. cxd5 Nexd5 12. Nxd5 Nxd5 13. b4 $1 $14
{Azmayparashvili,Z-Thorsteins,K Reykjavik op 1990 EXP/18}) 9... Ne7 (9... d6
10. O-O g5 11. f4 gxf4 12. exf4 Ng4 13. h3 Nh6 14. Be3 Nd4 15. Qd2 $14 {
Winants,L-Nijboer,F Tilburg2 1992 CBM/32}) (9... Kh8 10. O-O d6 11. Bb2 g5 12.
f4 Ng4 13. Nd5 Nb4 14. Qd2 gxf4 15. exf4 c6 16. Nxb4 axb4 17. h3 $14 {
Petursson,M-Perovic,D Wien op 1990 CBM/21}) 10. O-O c6 11. d4 $5 e4 12. d5 $5
cxd5 13. cxd5 d6 14. a4 Nd7 15. f3 $1 exf3 16. Bxf3 $14 {>< b5,e6} Nc5 17. Nb5
Kh8 18. Nf4 Ng8 19. Ba3 Re8 20. Bxc5 $1 dxc5 21. Re1 Nf6 22. d6 Ne4 23. Qc2 Rb8
(23... Nxd6 $2 24. Rbd1 Be5 25. Nxd6 Bxd6 26. Qc3+ Kg8 27. Bd5+ $18) 24. Rbd1
Bd7 25. Nc7 Re5 26. Nd3 Qg5 27. Nxe5 Bxe5 28. Nd5 Bc6 29. Bxe4 fxe4 30. Nf4 b6
31. Qc4 Qf6 32. d7 Rd8 33. Rf1 Rxd7 34. Rxd7 Bxd7 35. Nxg6+ $1 (35. Nxg6+ $1
Qxg6 36. Rf8+ Kg7 37. Rg8+ $18) 1-0

[Event "Montecatini Terme"]
[Site "Montecatini Terme"]
[Date "2000.08.03"]
[Round "7"]
[White "Bareev, Evgeny"]
[Black "Piket, Jeroen"]
[Result "1-0"]
[WhiteElo "2702"]
[BlackElo "2649"]
[Annotator "Ribli,Z"]
[PlyCount "79"]
[EventDate "2000.07.28"]
[EventType "tourn"]
[EventRounds "7"]
[EventCountry "ITA"]
[EventCategory "17"]
[SourceTitle "CBM 079"]
[Source "ChessBase"]
[SourceDate "2000.11.21"]
[SourceVersion "1"]
[SourceVersionDate "2000.11.21"]
[SourceQuality "1"]

1. c4 e5 2. g3 Nc6 3. Bg2 g6 4. Nc3 Bg7 5. Rb1 {Weiß entwickelt den
Königsflügel (noch) nicht, sondern beginnt sofort mit einer Aktion  am
Damenflügel.} f5 (5... d6 6. b4 f5 7. b5 Nce7 8. e3 Nf6 9. Nge2 O-O 10. d4 (10.
Nd5 Be6 11. Qb3 Nexd5 12. cxd5 Bf7 13. d3 c6 14. e4 cxd5 15. exd5 Rc8 16. O-O
Qc7 17. Ba3 Qc2 {0-1 Paehtz,T-Blatny,P/Poznan 1984 (43)}) 10... e4 11. a4 Be6
12. Qb3 Bf7 13. O-O Kh8 14. a5 g5 15. f3 d5 16. fxe4 dxc4 17. Qc2 fxe4 18. Nxe4
Bg6 19. N2c3 {1-0 Mowsziszian,K-Andreasson,I/Benasque op 1997 (48)}) 6. b4 Nf6
(6... e4 $5 $146 7. Bb2 Nf6 8. Nd5 O-O 9. d3 Nxd5 10. cxd5 Bxb2 11. Rxb2 Qf6
12. Qc1 Ne7 13. Nh3 Nxd5 14. O-O $1 {1/2-1/2 Azmaiparashvili,Z-Short,N/Elenite
1995/Inf 64/[Azmaiparashvili,Z] (31)}) (6... a6 {- 55/(27)}) 7. b5 (7. e3 O-O
8. Nge2 e4 9. d3 exd3 10. Qxd3 d6 11. O-O Ne5 12. Qc2 c6 13. b5 Be6 14. Rd1 Qc7
15. bxc6 bxc6 16. Nd4 Bd7 17. Ba3 Rfe8 18. Qa4 a6 19. Nb3 Bf8 20. Qa5 Qa7 {
Ubilava,E-Etchegaray,P/Zaragoza op 1993/1/2-1/2 (64)}) 7... Ne7 8. e3 {Mit
diesem Zug bereitet Weiß die elastische Springerentwicklung nach e2 vor.} (8.
Qb3 d6 9. e3 O-O 10. Nge2 Kh8 11. d3 a6 12. a4 axb5 13. axb5 (13. cxb5 $5 $14)
13... c6 14. O-O Be6 15. Ba3 {[%cal Ga3f8]} Re8 $1 16. Rfc1 Bg8 $5 $11 {
[%cal Gb1b7,Gc1c6] 1/2-1/2 Georgiev,K-Bareev,E/Sarajevo 1998/CBM 66/[Ribli] 
(39)}) 8... a6 $6 {Dieser Zug ist eigentlich ein Bauernopfer. Besser wäre m.E.
der Aufbau mit c6-d6.} (8... O-O 9. Ba3 (9. Nge2 c6) 9... f4 10. exf4 exf4 11.
Nh3 d6 12. Nxf4 Bf5 13. d3 Ng4 14. Ne4 Bxe4 15. Bxe4 Bc3+ 16. Kf1 Qd7 17. Bf3
Ne5 18. Be4 Nf5 {1/2-1/2 Richardson,J-Aagaard,J/London 1997/EXT 99 (18)}) 9. b6
(9. bxa6 Rxa6 10. Bxb7 Bxb7 11. Rxb7 O-O $44 {[%cal Gd7d5]} (11... Qa8 12. Qb3
Rb6 13. Rxb6 Qxh1 14. Rb8+ Kf7 15. Nce2 Rxb8 16. Qxb8 Ne4 $13 {[%cal Ge4g5,
Gg5f3]})) 9... c6 {In solchen Stellungen taucht gewöhnlich die Frage auf: Ist
der Pb6 nun stark oder schwach? In dieser konkreten Stellung jedoch
paralysiert der Pb6 den gesamten schwarzen Damenflügel.} (9... cxb6 10. Qb3 $14
(10. Ba3 $44)) 10. d4 d6 11. Nge2 Be6 {Das ist die bessere Zugfolge - im Falle
der sofortigen Rochade bekommt Weiß gefährliche Initiative.} (11... O-O 12.
dxe5 (12. Qb3 Be6) 12... dxe5 13. Ba3 $36 {[%cal Ga3f8]}) 12. Qb3 (12. d5 $6
cxd5 13. cxd5 Bf7 $15) 12... O-O 13. dxe5 {Weiß muss so spielen, nun kommt
sein Bc1 über a3 ins Spiel.} dxe5 14. Na4 $14 {[%cal Ga4c5] Weiß hat die
Initiative am Damenflügel. Und auch wenn die schwarze Stellung solide ist - er
hat doch eine etwas passive Stellung.} Nd7 15. O-O Qe8 16. Ba3 {[%cal Ga3f8]}
Qf7 17. Rbc1 Rad8 18. f4 Rfe8 (18... e4 $5 19. Nd4) 19. Bd6 {[%csl Gd6][%cal
Gd6c7]} exf4 20. Nxf4 {[%csl Gf4] Die weißen Figuren harmonieren besser - dass
seine Bauernstruktur etwas schlechter ist, fällt kaum ins Gewicht.} (20. exf4
Nf6 $11) 20... Ne5 {[%cal Ge5c4,Gf7c4]} 21. Nxe6 Qxe6 22. Rfd1 Nc8 $6 (22...
Ng4 23. Bf4 $14) 23. Nc5 Qf7 {[#]} 24. Nxb7 $5 {[%mdl 512] Ein interessantes
und sehr unerwartetes Springeropfer.} (24. Bc7 Rxd1+ 25. Rxd1 Qxc4 26. Nxb7 $14
) 24... Qxb7 25. Bc7 $44 {[%csl Rb7] Das ist die Pointe - die schwarze Dame
steht sehr unglücklich auf b7 - Weiß hat mehr als nur ausreichende
Kompensation.} Rd7 (25... Rxd1+ 26. Rxd1 Kh8 27. c5 $44) 26. Rxd7 Nxd7 27. c5+
Kh8 28. h3 {Ein interessantes Bild - Schwarz hat eine Figur mehr, aber seine
Figurenkoordination ist schlecht.} Nf6 29. Rd1 Ne7 {[%cal Ge7d5]} 30. Qe6 {
[%csl Ge6]} Qa8 (30... Ned5 31. Bxd5 Rxe6 (31... cxd5 32. c6 Qa8 33. b7 Qa7 34.
Qxe8+ Nxe8 35. Bf4 $1 (35. b8=Q $2 Qxe3+ 36. Kf1 Qf3+ 37. Ke1 Bc3+ $19) 35...
Nd6 36. Rb1 $18) 32. Bxe6 Nd5 33. Rxd5 cxd5 34. Bd7 $18 {[%csl Gb6,Gc5][%cal
Gc5c6]}) 31. Rb1 Qb7 32. Bf4 h6 33. Rd1 (33. Bxh6 Ned5 (33... Bxh6 34. Qxf6+
Bg7 35. Qf7 $44) 34. Bxg7+ Kxg7 35. Qd6 Rxe3 $17) 33... g5 34. Bc7 Qa8 35. Rb1
(35. Rd6) 35... Qb7 36. Rd1 Qa8 37. Rd6 $1 {[%csl Gb6,Gc7,Gd6,Ge6][%cal Gg2a8]
[%mdl 2048] Weiß hat spürbar Initiative und eine starke Figurenstellung.} f4 $2
(37... Nfd5 38. Bxd5 cxd5 39. Qf7 $18) (37... Ned5 38. Bxd5 cxd5 39. Qxf5 $44)
38. Qf7 $1 $18 {[%csl Gf7] Die aktive weiße Dame übt tödliche Drohungen aus,
während die schwarze Dame in der Ecke des Brettes zur Machtlosigkeit verdammt
ist.} Nf5 (38... Ned5 39. Bxd5 cxd5 (39... Nxd5 40. b7 $18) 40. Rxf6 Rxe3 41.
Rg6 Qf8 (41... Rxg3+ 42. Kh2 $18) 42. Qxf8+ Bxf8 43. b7 $18) 39. Rxf6 fxe3 40.
Re6 (40. Re6 Rf8 (40... Rxe6 41. Qxe6 e2 42. Qxe2 $18) 41. Qg6 $18) 1-0

[Event "Rishon Le Ziyyon"]
[Site "Rishon Le Ziyyon"]
[Date "1996.??.??"]
[Round "3"]
[White "Alterman, Boris"]
[Black "Polgar, Sofia"]
[Result "1-0"]
[WhiteElo "2585"]
[BlackElo "2495"]
[Annotator "Ribli,Z"]
[PlyCount "129"]
[EventDate "1996.02.??"]
[EventType "tourn"]
[EventRounds "9"]
[EventCountry "ISR"]
[EventCategory "13"]
[SourceTitle "CBM 053"]
[Source "ChessBase"]
[SourceDate "1996.08.01"]
[SourceVersion "1"]
[SourceVersionDate "1996.08.01"]
[SourceQuality "1"]

1. c4 {Hecht} e5 2. g3 Nc6 3. Bg2 f5 4. Nc3 Nf6 5. d3 Bb4 $6 {Ich bin nicht
sicher, dass der schwarze Laeufer auf b4 in dieser Variante so guenstig steht.}
(5... d6 $5) 6. Bd2 O-O 7. Nf3 d6 8. O-O Bd7 $146 (8... Kh8 9. a3 Bxc3 10. Bxc3
Qe8 11. e3 Qh5 12. d4 e4 13. d5 $1 $14 {Xu Jun-Gdanski,J/Moscow olm/1994/CBM45/
}) (8... a6 $5 9. Nd5 (9. Rc1 f4 10. gxf4 Bxc3 11. Rxc3 (11. bxc3 e4 $14) 11...
Bg4 12. fxe5 dxe5 13. Ng5 h6 14. Ne4 Qc8 $132 {Sher,M-Podgaets,M/Dortmund op/
1993/}) 9... Bxd2 10. Nxd2 Ne7 $10 {Serper,G-Eingorn,V/USSR/1991/CBM25/INF52,
28/}) 9. Rc1 {Dieser Zug hat das folgende Ziel: Weiss will einmal Nd5 spielen
und dann kann Schwarz nicht nehmen, weil der c1-Turm den c7-Bauern droht.} Kh8
10. e3 Qe8 {[#] Weiss wartete auf diese Stellung.} 11. Nd5 $5 Bxd2 12. Nxd2 Rc8
$8 (12... Nxd5 $2 13. cxd5 Nb4 14. Rxc7 $18) 13. Re1 {Dieser Zug hat zwei
Sinne: 1.Weiss wird der schwarze f4 verhindern. 2.Er will selbst f4 spielen.}
Qf7 14. Qb3 Nd8 {Schwarz stand vor einer schwierigen Entscheidung: 1. Mit 14...
b6 konnte er seinen Springer auf c6 halten, aber dann wird sein Damenfluegel
sehr schwach. 2. Mit dem Partiezug gibt er den Kontroll ueber den d4-Punkt auf.
} (14... b6) 15. d4 $1 Nh5 $6 {/\ f4 Immer noch zu optimistisch. Dieser Zug
gefaellt mir nicht.} 16. f4 $1 {Jetzt sieht man schon sehr genau, dass der
schwarze Springer auf h5 sehr unguenstig steht.} Re8 17. dxe5 dxe5 18. Nf3 $1
e4 (18... exf4 19. exf4 $16 {Die weissen Figuren stehen sehr gut und die
schwarze Figuren sind unkoordiniert.}) 19. Ne5 Qe6 20. Qd1 $1 {[#] Schwarz
kann den Materialverlust nicht vermeiden. Der Anzihende hat seine alle
Probleme wegen des Zuges 15...Nh5.} g6 $8 (20... Nf6 $2 21. Nxf6 gxf6 22. Nxd7
$18) 21. Qd4 $1 Kg8 22. Qxa7 Nc6 23. Nxc6 Bxc6 24. Red1 Nf6 25. Nxf6+ Qxf6 26.
Qd4 $1 {Die weisse Aufgabe ist ganz einfach: er soll so viele Figuren
abtauschen wie moeglich ist, dann nutzt er seine Bauernueberlegenheit aus.}
Qxd4 (26... Qe7 27. c5 $18) 27. Rxd4 Ra8 28. a3 Ba4 {Schwarz will mit der Idee
/\ c5,Red8 die d-Linie kontrollieren.} 29. c5 $1 Kf8 30. Bf1 Ke7 31. Kf2 Red8
32. Bc4 Ra5 (32... Rxd4 33. exd4 $18) 33. Rxd8 Kxd8 34. b4 Ra8 35. Ke1 Ke7 36.
Be2 c6 (36... Bb3 37. Rc3 Rxa3 38. Bd1 $18) 37. Rc4 {Der Anziehende hat einen
Bauern mehr, den er in der folge zum Sieg verwerten soll, aber wie?} (37. Ra1
$5) 37... Rd8 38. Rd4 Ra8 {Droht /\ Bb3 >< a3} 39. Rc4 Rd8 40. Rc3 (40. Rc1 $5)
40... h5 $6 {>< g6} 41. Rc1 Ra8 42. Ra1 $5 Bb3 $2 {Schwarz sollte den weissen
Koenig nicht so einfach uber die d-Linie durchlassen.} (42... Rd8 $5 $16) 43.
Kd2 $1 Ba4 44. Kc3 Bb5 45. Bd1 h4 {Der Nachziehende versucht noch im Trueben
zu fischen.} 46. gxh4 Rh8 47. a4 Bd3 48. h5 $1 gxh5 49. Bb3 $1 {Natuerlich
wird Weiss die g-Linie nicht fuer den schwarzen Turm uebergeben.} Be2 50. Ra2
Ba6 51. Rg2 Rd8 52. Rd2 $1 Rxd2 53. Kxd2 {Hecht: [#] schlechter sL;
Bauerndurchbruch am D-Flügel, Taktik} h4 54. Kc3 {/\ Bc4} Be2 55. Bc4 Bd1 56.
a5 {/\ b5} Ba4 57. Kd4 Kf6 $8 58. b5 $1 {[#] Eine kleine, aber huebsche
Kombination verkuerzt die Partie.} cxb5 (58... Bxb5 59. Bxb5 cxb5 60. c6 bxc6
61. a6 $18) 59. c6 $1 bxc6 60. a6 bxc4 61. a7 c5+ 62. Kxc5 c3 63. a8=Q Bc2 $2 (
63... c2 64. Qh8+ Kf7 65. Qc3 $18 {/\ Kb4}) 64. Qh8+ Kg6 65. Qxc3 {Ribli} 1-0

[Event "Reggio Emilia Top16 33rd"]
[Site "Reggio Emilia"]
[Date "1991.??.??"]
[Round "?"]
[White "Gurevich, Mikhail"]
[Black "Ehlvest, Jaan"]
[Result "1/2-1/2"]
[WhiteElo "2650"]
[BlackElo "2650"]
[Annotator "Ribli,Z"]
[PlyCount "86"]
[EventDate "1991.01.??"]
[EventType "tourn"]
[EventRounds "14"]
[EventCountry "ITA"]
[EventCategory "16"]
[SourceTitle "CBM 022"]
[Source "ChessBase"]
[SourceDate "1991.06.01"]
[SourceVersion "1"]
[SourceVersionDate "1991.06.01"]
[SourceQuality "1"]

1. c4 e5 2. g3 Nc6 3. Bg2 g6 4. Nc3 Bg7 5. Rb1 a5 6. d3 d6 7. e3 f5 8. Nge2 Nf6
9. b3 O-O 10. Bb2 Nh5 $5 11. Bf3 (11. O-O f4 $1) (11. Nd5 Ne7 $5) 11... Be6 12.
O-O Bf7 13. Bg2 Re8 14. Qd2 Nf6 {/\ d5} 15. e4 f4 16. gxf4 Bh6 17. Qd1 exf4 18.
Nd5 Nxd5 19. cxd5 Ne5 20. d4 f3 21. dxe5 fxg2 22. Kxg2 dxe5 23. f4 Bg7 24. Qd2
Qd6 25. fxe5 Bxe5 26. Nd4 Qd7 27. Qg5 h6 $1 28. Qh4 g5 29. Rxf7 Qxf7 30. Qxh6
Ra6 31. Ne6 Raxe6 32. dxe6 Rxe6 33. Qh3 Bxb2 34. Rxb2 Rxe4 35. Rd2 Re8 36. Qf3
$1 Qxf3+ 37. Kxf3 Re5 38. Kg4 Kf8 39. Rd7 Rc5 40. Kh5 b6 41. Kg6 Ke8 42. Rd2 g4
43. Rg2 Ke7 1/2-1/2

[Event "Barcelona"]
[Site "Barcelona"]
[Date "1990.??.??"]
[Round "2"]
[White "Illescas Cordoba, Miguel"]
[Black "Fernandez Garcia, Jose Luis"]
[Result "1-0"]
[WhiteElo "2535"]
[BlackElo "2500"]
[Annotator "Ribli,Z"]
[PlyCount "75"]
[EventDate "1990.09.??"]
[EventType "tourn"]
[EventRounds "9"]
[EventCountry "ESP"]
[EventCategory "10"]
[SourceTitle "CBM 021"]
[Source "ChessBase"]
[SourceDate "1991.04.01"]
[SourceVersion "1"]
[SourceVersionDate "1991.04.01"]
[SourceQuality "1"]

1. c4 Nf6 2. Nc3 e5 3. g3 Nc6 4. Bg2 Bc5 5. e3 O-O (5... d5 6. cxd5 (6. Nxd5 $5
Nxd5 7. cxd5 Nb4 8. Qb3 c6 9. d4 $1 $14) 6... Nb4 7. d4 exd4 8. exd4 Be7 9.
Nge2 Bf5 $1 10. O-O Nc2 $10 {Chernin,A-Miles,A Moscow GMA op 1989 49/(29)}) 6.
Nge2 d5 7. Nxd5 $1 Nxd5 8. cxd5 Nb4 9. O-O (9. d4 exd4 10. exd4 Be7 $1 (10...
Bb6 $2 11. Qb3 $1 $16) 11. Nc3 Bf5 12. O-O Nc2 13. Rb1 Nb4 14. Ra1 Nc2 $10)
9... Nxd5 10. Qc2 Qd6 11. a3 a5 12. Nc3 Nxc3 13. bxc3 Qe7 14. d4 $14 Bd6 15. c4
c6 16. Bb2 Re8 17. c5 Bb8 18. e4 exd4 19. Bxd4 Rd8 20. Rad1 Bg4 21. f3 Ba7 22.
Bf2 Be6 23. Qc3 a4 24. Qb4 Bb3 25. Rd6 $1 Rab8 26. f4 f6 27. Rc1 $1 Re8 28. Rc3
$1 Rbd8 29. Rcd3 Bb8 30. Rxd8 Rxd8 31. Rxd8+ Qxd8 32. Qxb7 Qd1+ 33. Bf1 Bc4 34.
Qxb8+ Kf7 35. Qc7+ Kg6 36. f5+ Kh5 37. g4+ $1 Kg5 38. Be3+ 1-0

[Event "New York Reshevsky"]
[Site "New York"]
[Date "1992.??.??"]
[Round "2"]
[White "Granda Zuniga, Julio E"]
[Black "Benjamin, Joel"]
[Result "1-0"]
[WhiteElo "2565"]
[BlackElo "2570"]
[Annotator "Ribli,Z"]
[PlyCount "113"]
[EventDate "1992.07.??"]
[EventType "tourn"]
[EventRounds "9"]
[EventCountry "USA"]
[EventCategory "12"]
[SourceTitle "CBM 031"]
[Source "ChessBase"]
[SourceDate "1992.12.01"]
[SourceVersion "1"]
[SourceVersionDate "1992.12.01"]
[SourceQuality "1"]

1. c4 e5 2. g3 Nc6 3. Bg2 g6 4. e3 Bg7 5. Ne2 f5 6. d3 Nf6 7. Nbc3 O-O 8. O-O
d6 {-> A 25} 9. b3 (9. Nd5 $5 Nxd5 10. cxd5 Ne7 11. d4 e4 12. Qb3 Kh8 13. f3
exf3 14. Bxf3 c6 15. dxc6 bxc6 16. Nf4 Qb6 17. Qa3 Rd8 18. Bd2 $14 {Huebner,
R-Kindermann,S Munich 1991 CBM/23 51/(29)}) 9... Ne7 (9... Be6 $5 10. Nd5 Qd7
11. Bb2 Bf7 12. Nec3 $1 $13) (9... Kh8 $6 10. Bb2 a6 11. Qd2 Be6 12. Nd5 $14 {
Koshi,V-Gopal,K Calcutta 1992 EXP/27}) 10. Bb2 c6 11. f4 $1 Be6 12. Qd2 Qc7 13.
Nd1 $5 Rae8 14. Nf2 Kh8 15. Rae1 Neg8 16. e4 Bc8 17. c5 $1 Nd7 18. cxd6 Qxd6
19. d4 exf4 (19... exd4 $2 20. e5 $16) 20. Nxf4 (20. e5 $2 Nxe5 $17) 20... Ngf6
21. exf5 gxf5 22. Qa5 $14 Ne4 23. Bxe4 fxe4 24. Nxe4 Bxd4+ 25. Rf2 $1 Qe5 26.
Qxe5+ Bxe5 27. Nd6 $1 Bxb2 28. Rxe8 Rxe8 29. Rxb2 (29. Nxe8 Bd4 30. Nd6 Nb6 31.
Kg2 Bxf2 32. Kxf2 $14) 29... Rf8 30. Rf2 Ne5 31. Nd3 $1 Rxf2 32. Nxf2 Be6 33.
Nxb7 Bf5 34. Nc5 Kg7 35. Kg2 Kf7 36. Nd1 Ke7 37. Nc3 Kd6 38. N5e4+ Ke7 39. h4
h6 40. Kf2 Bg6 41. Ke3 Ke6 42. Kd4 Bh5 43. Nf2 Bf3 44. b4 Kf5 45. a4 Nd7 46. a5
Nb8 47. Ke3 Bg2 48. g4+ Ke6 49. Nd3 Bf1 50. Nc5+ Ke5 51. N3e4 Bc4 52. Nd2 Bf7
53. Nf3+ Kd5 54. h5 Bg8 55. Kd3 Bh7+ 56. Kc3 Bb1 57. Kb2 {[#]} 1-0